| 000 | 00432nam a2200145 i 4500 | ||
|---|---|---|---|
| 001 | 128709 | ||
| 003 | ES-MaACL | ||
| 007 | t| | ||
| 008 | 070524s1920 xxu ||||1| eng d | ||
| 100 | 1 |
_aTaussig, Frank William. _9109411 |
|
| 245 | 1 | 0 |
_aFree trade, the tariff and reciprocity / _cby Franciscan William. |
| 260 |
_aNew York : _b[s.n.], _c1920 ( _fThe Macmillan Company) |
||
| 300 |
_a219 p. ; _c21 cm. |
||
| 852 |
_aES-MaACL _jB-3982 |
||
| 999 |
_c128709 _d128709 |
||